Business driven information systems
Includes bibliographical references and index.; Information systems in business -- Strategic decision making -- Ebusiness -- Ethics and information security -- Enterprise architectures -- Databases and data warehouses -- Networks, telecommunications, and mobile technology -- Operations management an...
Saved in:
| Main Author: | |
|---|---|
| Other Authors: | |
| Format: | Book |
| Language: | Undetermined |
| Published: |
Boston
McGraw-Hill/Irwin
2009
|
| Subjects: | |
| Online Access: | http://lrc.tdmu.edu.vn/opac/search/detail.asp?aID=2&ID=33643 |
| Tags: |
Add Tag
No Tags, Be the first to tag this record!
|
| Institutions: | Trung tâm Học liệu Trường Đại học Thủ Dầu Một |
|---|
| LEADER | 01352nam a2200217Ia 4500 | ||
|---|---|---|---|
| 001 | TDMU_33643 | ||
| 008 | 210410s9999 xx 000 0 und d | ||
| 082 | |a 530.44 | ||
| 090 | |b B103 | ||
| 100 | |a Baltzan, Paige | ||
| 245 | 0 | |a Business driven information systems | |
| 245 | 0 | |c Paige Baltzan, Amy Phillips | |
| 260 | |a Boston | ||
| 260 | |b McGraw-Hill/Irwin | ||
| 260 | |c 2009 | ||
| 300 | |a xxix, 519 p | ||
| 520 | |a Includes bibliographical references and index.; Information systems in business -- Strategic decision making -- Ebusiness -- Ethics and information security -- Enterprise architectures -- Databases and data warehouses -- Networks, telecommunications, and mobile technology -- Operations management and supply chain management -- Customer relationship management and business intelligence -- Enterprise resource planning and collaboration systems -- Systems development and project management -- Globalization, Innovation, and 21st century organizational trends. | ||
| 650 | |a Industrial management |x Data processing.; Information technology |x Management.; Quản trị công nghiệp |x Xử lý dữ liệu; Công nghệ thông tin |x Quản trị | ||
| 700 | |a Phillips, Amy | ||
| 856 | |u http://lrc.tdmu.edu.vn/opac/search/detail.asp?aID=2&ID=33643 | ||
| 980 | |a Trung tâm Học liệu Trường Đại học Thủ Dầu Một | ||